[Event "Internet Section 07A g/8'+2\""]
[Site "Dos Hermanas"]
[Date "2004.03.07"]
[Round "3"]
[White "Delgado Ramirez, Neuris"]
[Black "Sega, Carlos Alberto"]
[Result "1-0"]
[WhiteElo "2541"]
[BlackElo "2323"]
[PlyCount "65"]
[EventDate "2004.03.07"]
[EventType "swiss (blitz)"]
[EventRounds "9"]
[EventCountry "ESP"]
[SourceTitle "CBM 099 Extra"]
[Source "ChessBase"]
[SourceDate "2004.05.04"]
[SourceVersion "1"]
[SourceVersionDate "2004.05.04"]
[SourceQuality "1"]

1. e4 e5 2. Nf3 Nf6 3. Nxe5 d6 4. Nf3 Nxe4 5. Nc3 Nxc3 6. dxc3 Be7 7. Be3 O-O
8. Qd2 Nc6 9. O-O-O Ne5 10. Kb1 Be6 11. Qe1 Nxf3 12. gxf3 Bf6 13. Bd3 Re8 14.
Rg1 c5 15. Qd2 Qa5 16. a3 d5 17. Bg5 Qd8 18. Qf4 Bxg5 19. Rxg5 h6 20. Rg3 Kh8
21. Rdg1 Qf6 22. Rxg7 Qxg7 23. Rxg7 Kxg7 24. Qe5+ Kf8 25. Qd6+ Kg8 26. Qxc5 Bd7
27. Kc1 Bc6 28. Kd2 Re6 29. f4 b6 30. Qd4 Rd8 31. f5 Red6 32. f6 Bd7 33. Qh4
1-0

[Event "Internet Section 07A g/8'+2\""]
[Site "Dos Hermanas"]
[Date "2004.03.07"]
[Round "5"]
[White "Delgado Ramirez, Neuris"]
[Black "Rodriguez Rodriguez, Antonio"]
[Result "1-0"]
[WhiteElo "2541"]
[BlackElo "2259"]
[PlyCount "77"]
[EventDate "2004.03.07"]
[EventType "swiss (blitz)"]
[EventRounds "9"]
[EventCountry "ESP"]
[SourceTitle "CBM 099 Extra"]
[Source "ChessBase"]
[SourceDate "2004.05.04"]
[SourceVersion "1"]
[SourceVersionDate "2004.05.04"]
[SourceQuality "1"]

1. e4 d6 2. d4 Nf6 3. Nc3 Nc6 4. Be3 a6 5. h3 b5 6. a3 e6 7. g4 Be7 8. Bg2 d5
9. e5 Nd7 10. Nge2 Bb7 11. O-O Na5 12. f4 Nc4 13. Bc1 O-O 14. b3 Ncb6 15. f5
Bg5 16. Nf4 c5 17. fxe6 Bxf4 18. exf7+ Rxf7 19. Bxf4 Nf8 20. dxc5 Ne6 21. Be3
Rxf1+ 22. Qxf1 Nd7 23. Nxd5 Ndxc5 24. Rd1 Qh4 25. Qf2 Qxf2+ 26. Bxf2 Kf7 27. b4
Na4 28. Nc7 Bxg2 29. Rd7+ Kg6 30. Nxe6 Rg8 31. Kxg2 Nc3 32. Be3 Nb1 33. Nf4+
Kh6 34. Rd6+ g6 35. Ne6+ g5 36. Nxg5+ Kg7 37. Rd7+ Kf8 38. Nxh7+ Ke8 39. Nf6+
1-0

[Event "Internet Section 07A g/8'+2\""]
[Site "Dos Hermanas"]
[Date "2004.03.07"]
[Round "6"]
[White "Kraai, Jesse"]
[Black "Delgado Ramirez, Neuris"]
[Result "0-1"]
[WhiteElo "2443"]
[BlackElo "2541"]
[PlyCount "68"]
[EventDate "2004.03.07"]
[EventType "swiss (blitz)"]
[EventRounds "9"]
[EventCountry "ESP"]
[SourceTitle "CBM 099 Extra"]
[Source "ChessBase"]
[SourceDate "2004.05.04"]
[SourceVersion "1"]
[SourceVersionDate "2004.05.04"]
[SourceQuality "1"]

1. e4 c5 2. Nf3 d6 3. c3 Nf6 4. Be2 Bd7 5. d3 Bc6 6. O-O Nbd7 7. Nbd2 e6 8. Re1
Be7 9. Bf1 O-O 10. d4 cxd4 11. cxd4 d5 12. e5 Ne4 13. Bd3 Bb4 14. a3 Bxd2 15.
Bxd2 Qb6 16. Bb4 Rfe8 17. Bxe4 dxe4 18. Ng5 h6 19. Nxe4 a5 20. Bc3 Bxe4 21.
Rxe4 Qc6 22. Rg4 Qd5 23. Qc1 Kh7 24. Qf4 f5 25. exf6 Nxf6 26. Rg3 Nh5 27. Qc7
Nxg3 28. hxg3 Rf8 29. Re1 Rf5 30. f3 Raf8 31. g4 R8f7 32. Qb6 Rxf3 33. gxf3
Qxf3 34. Qxe6 Rf4 0-1

[Event "Internet Section 07A g/8'+2\""]
[Site "Dos Hermanas"]
[Date "2004.03.07"]
[Round "7"]
[White "Delgado Ramirez, Neuris"]
[Black "Mecking, Henrique"]
[Result "1/2-1/2"]
[WhiteElo "2541"]
[BlackElo "2556"]
[PlyCount "102"]
[EventDate "2004.03.07"]
[EventType "swiss (blitz)"]
[EventRounds "9"]
[EventCountry "ESP"]
[SourceTitle "CBM 099 Extra"]
[Source "ChessBase"]
[SourceDate "2004.05.04"]
[SourceVersion "1"]
[SourceVersionDate "2004.05.04"]
[SourceQuality "1"]

1. e4 c5 2. Nf3 d6 3. Bb5+ Bd7 4. Bxd7+ Nxd7 5. c4 Ngf6 6. Nc3 g6 7. d4 cxd4 8.
Nxd4 Bg7 9. O-O O-O 10. h3 a6 11. Be3 Rc8 12. Qe2 Ne5 13. b3 b5 14. f4 Ned7 15.
Rac1 bxc4 16. bxc4 Nb6 17. Nd5 Nxe4 18. Ne6 Ng3 19. Qg4 Nxf1 20. Bxb6 Qd7 21.
Nxf8 Qxg4 22. hxg4 Ng3 23. Nd7 Ne2+ 24. Kf1 Nxc1 25. Nxe7+ Kh8 26. Nxc8 Nxa2
27. Nxd6 Kg8 28. c5 Nb4 29. g5 Bd4 30. Nb8 Nd5 31. Ba7 a5 32. Nc4 a4 33. g3 Bb2
34. c6 a3 35. Nxa3 Bxa3 36. Nd7 Bd6 37. Bb8 Bxb8 38. Nxb8 Kf8 39. Kf2 Ke7 40.
Kf3 Kd6 41. Ke4 Ne7 42. g4 Ng8 43. f5 h6 44. Kf4 hxg5+ 45. Kxg5 gxf5 46. gxf5
Kc7 47. Nd7 Kxc6 48. Ne5+ Kc7 49. Nxf7 Ne7 50. f6 Nd5 51. Ne5 Nxf6 1/2-1/2

[Event "Internet Section 07A g/8'+2\""]
[Site "Dos Hermanas"]
[Date "2004.03.07"]
[Round "8"]
[White "Shipov, Sergei"]
[Black "Delgado Ramirez, Neuris"]
[Result "1-0"]
[WhiteElo "2589"]
[BlackElo "2541"]
[PlyCount "91"]
[EventDate "2004.03.07"]
[EventType "swiss (blitz)"]
[EventRounds "9"]
[EventCountry "ESP"]
[SourceTitle "CBM 099 Extra"]
[Source "ChessBase"]
[SourceDate "2004.05.04"]
[SourceVersion "1"]
[SourceVersionDate "2004.05.04"]
[SourceQuality "1"]

1. d4 Nf6 2. c4 e6 3. Nc3 Bb4 4. Qc2 d6 5. a3 Bxc3+ 6. Qxc3 O-O 7. Nf3 b6 8. e3
Bb7 9. Be2 Nbd7 10. O-O a5 11. b3 Qb8 12. Bb2 c5 13. Rfd1 Qc7 14. Rac1 Rac8 15.
b4 axb4 16. axb4 Ra8 17. dxc5 bxc5 18. b5 d5 19. cxd5 exd5 20. Nd4 Qe5 21. Nc6
Qg5 22. Bf3 Rae8 23. Bxd5 Nb6 24. Bf3 Na4 25. Qc2 Nxb2 26. Qxb2 Ng4 27. Qc3 Re6
28. Qxc5 Ne5 29. Bd5 Ree8 30. f4 Qh5 31. Nxe5 Bxd5 32. Qxd5 Qe2 33. Qd3 Qa2 34.
Qc4 Qa3 35. Qc3 Qa7 36. Qd4 Qb7 37. b6 h5 38. Rc7 Qa8 39. b7 Qa5 40. Qc4 Qb6
41. Re1 Qa5 42. Kf2 Qb6 43. Rxf7 Kh7 44. Rxf8 Rxf8 45. Qe4+ Kh6 46. Nd7 1-0

[Event "Internet Section 07A g/8'+2\""]
[Site "Dos Hermanas"]
[Date "2004.03.07"]
[Round "9"]
[White "Delgado Ramirez, Neuris"]
[Black "Leyva, Hector"]
[Result "1-0"]
[WhiteElo "2541"]
[BlackElo "2384"]
[PlyCount "83"]
[EventDate "2004.03.07"]
[EventType "swiss (blitz)"]
[EventRounds "9"]
[EventCountry "ESP"]
[SourceTitle "CBM 099 Extra"]
[Source "ChessBase"]
[SourceDate "2004.05.04"]
[SourceVersion "1"]
[SourceVersionDate "2004.05.04"]
[SourceQuality "1"]

1. e4 c5 2. Nf3 d6 3. Bb5+ Nd7 4. c3 Ngf6 5. Qe2 a6 6. Ba4 b5 7. Bc2 e5 8. O-O
Be7 9. d4 O-O 10. Rd1 Qc7 11. b3 Bb7 12. d5 Ne8 13. a4 b4 14. a5 Rb8 15. Bd3
bxc3 16. Nxc3 Bc8 17. Bxa6 Rxb3 18. Bxc8 Rxc3 19. Ba6 Rb3 20. Bb5 Nef6 21. a6
Ra8 22. Bd2 Qb6 23. Bc4 Rb2 24. Qd3 Rb4 25. Rdb1 Bd8 26. g3 h6 27. Kg2 Rb8 28.
Bxb4 cxb4 29. Nd2 Nc5 30. Qe2 Qa7 31. f3 Nfd7 32. Bb5 Bg5 33. Bxd7 Nxd7 34. Nc4
Qc5 35. Ra5 Rb5 36. Rba1 Nb6 37. a7 Nxc4 38. a8=Q+ Kh7 39. Rxb5 Qxb5 40. Kh1 b3
41. Qc8 b2 42. Qf5+ 1-0

[Event "Internet Section 07B g/8'+2\""]
[Site "Dos Hermanas"]
[Date "2004.03.07"]
[Round "4"]
[White "Delgado Ramirez, Neuris"]
[Black "Isaza Pierotti, Yesid Mauricio"]
[Result "1-0"]
[WhiteElo "2541"]
[BlackElo "1984"]
[PlyCount "51"]
[EventDate "2004.03.07"]
[EventType "swiss (blitz)"]
[EventRounds "9"]
[EventCountry "ESP"]
[SourceTitle "CBM 099 Extra"]
[Source "ChessBase"]
[SourceDate "2004.05.04"]
[SourceVersion "1"]
[SourceVersionDate "2004.05.04"]
[SourceQuality "1"]

1. e4 c5 2. Nf3 e6 3. b3 Nc6 4. Bb2 d5 5. exd5 exd5 6. Bb5 Nf6 7. O-O Be7 8. d4
a6 9. Bxc6+ bxc6 10. Ba3 Qa5 11. Qe1 Qxe1 12. Rxe1 Ne4 13. Nbd2 Bf5 14. Bxc5
Nxc5 15. dxc5 Bxc2 16. Nd4 Be4 17. Nxe4 dxe4 18. Rxe4 Kd7 19. Nxc6 Bxc5 20.
Ne5+ Ke6 21. Nd3+ Kd5 22. Re5+ Kd4 23. Rxc5 Kxd3 24. Rd1+ Ke2 25. Rcd5 Rac8 26.
R5d2# 1-0

[Event "Internet Section 07B g/8'+2\""]
[Site "Dos Hermanas"]
[Date "2004.03.07"]
[Round "5"]
[White "Garavito, Miguel Angel"]
[Black "Delgado Ramirez, Neuris"]
[Result "0-1"]
[WhiteElo "2069"]
[BlackElo "2541"]
[PlyCount "90"]
[EventDate "2004.03.07"]
[EventType "swiss (blitz)"]
[EventRounds "9"]
[EventCountry "ESP"]
[SourceTitle "CBM 099 Extra"]
[Source "ChessBase"]
[SourceDate "2004.05.04"]
[SourceVersion "1"]
[SourceVersionDate "2004.05.04"]
[SourceQuality "1"]

1. c4 e5 2. Nc3 Bb4 3. g3 Bxc3 4. bxc3 d6 5. Bg2 Ne7 6. d3 O-O 7. Nf3 Nbc6 8.
O-O h6 9. Rb1 Rb8 10. e4 Be6 11. Ne1 Qd7 12. f4 f5 13. fxe5 dxe5 14. Ba3 fxe4
15. Bxe4 Rxf1+ 16. Kxf1 Nf5 17. Ng2 Nd6 18. Bxd6 Qxd6 19. Kg1 b6 20. Ne3 Rf8
21. Qh5 Ne7 22. Kg2 Qa3 23. Nd1 Nf5 24. Qe2 Kh8 25. g4 Nd6 26. Bf3 Bd7 27. Qxe5
Qxa2+ 28. Rb2 Qa4 29. Qe2 Bc6 30. Bxc6 Qxc6+ 31. Kg1 a5 32. Nf2 a4 33. Ra2 Re8
34. Qd2 Nf7 35. Ra1 Ng5 36. Qf4 a3 37. h4 Nf3+ 38. Kf1 Nxh4 39. Qg3 Nf3 40. Ne4
Ng5 41. Nxg5 hxg5 42. Qh2+ Kg8 43. Rxa3 Qf3+ 44. Qf2 Qh1+ 45. Qg1 Rf8+ 0-1

[Event "Internet Section 07B g/8'+2\""]
[Site "Dos Hermanas"]
[Date "2004.03.07"]
[Round "6"]
[White "Delgado Ramirez, Neuris"]
[Black "Lubashov, Alexei"]
[Result "1-0"]
[WhiteElo "2541"]
[BlackElo "2411"]
[PlyCount "69"]
[EventDate "2004.03.07"]
[EventType "swiss (blitz)"]
[EventRounds "9"]
[EventCountry "ESP"]
[SourceTitle "CBM 099 Extra"]
[Source "ChessBase"]
[SourceDate "2004.05.04"]
[SourceVersion "1"]
[SourceVersionDate "2004.05.04"]
[SourceQuality "1"]

1. e4 e6 2. d4 d5 3. Nd2 Be7 4. Ngf3 Nf6 5. Bd3 c5 6. exd5 Nxd5 7. dxc5 Nd7 8.
Ne4 Nxc5 9. Nxc5 Qa5+ 10. Bd2 Qxc5 11. a3 b6 12. Qe2 Bb7 13. O-O Qc7 14. Bb5+
Bc6 15. Nd4 Bxb5 16. Qxb5+ Qd7 17. Qd3 O-O 18. Rad1 Rfd8 19. Bc1 Rac8 20. c4
Nf6 21. Qe2 Qb7 22. Bg5 h6 23. Bh4 Kf8 24. Rfe1 a6 25. Bg3 Nd7 26. Nf5 Nc5 27.
Bd6 Bxd6 28. Nxd6 Qc6 29. Nxc8 Rxc8 30. Qd2 Kg8 31. Qd6 Nb3 32. Qxc6 Rxc6 33.
Re3 Na5 34. b3 b5 35. c5 1-0

[Event "Internet Section 07B g/8'+2\""]
[Site "Dos Hermanas"]
[Date "2004.03.07"]
[Round "7"]
[White "Komliakov, Viktor"]
[Black "Delgado Ramirez, Neuris"]
[Result "0-1"]
[WhiteElo "2435"]
[BlackElo "2541"]
[PlyCount "90"]
[EventDate "2004.03.07"]
[EventType "swiss (blitz)"]
[EventRounds "9"]
[EventCountry "ESP"]
[SourceTitle "CBM 099 Extra"]
[Source "ChessBase"]
[SourceDate "2004.05.04"]
[SourceVersion "1"]
[SourceVersionDate "2004.05.04"]
[SourceQuality "1"]

1. e4 c5 2. Nf3 d6 3. Bb5+ Nd7 4. O-O Ngf6 5. Re1 a6 6. Bf1 Ne5 7. Nxe5 dxe5 8.
a4 e6 9. Na3 b6 10. Nc4 Qc7 11. d3 Bb7 12. Bd2 Be7 13. Bc3 Nd7 14. Qh5 Bf6 15.
b4 O-O 16. bxc5 Qxc5 17. Reb1 a5 18. Bb2 Qc7 19. Ba3 Rfd8 20. Nd6 g6 21. Qf3
Ba6 22. Nb5 Bxb5 23. Rxb5 Qxc2 24. Bc1 Bg7 25. Be3 Rab8 26. Qe2 Rdc8 27. Qd2
Bf8 28. Qxc2 Rxc2 29. Rab1 Ra2 30. d4 exd4 31. Bxd4 Rxa4 32. Be3 Rb4 33. R5xb4
Bxb4 34. Bb5 Nc5 35. Rd1 Nxe4 36. Rd7 Nc3 37. Bc6 Nd5 38. Bh6 Bf8 39. Bd2 Rc8
40. Bxd5 exd5 41. Rxd5 a4 42. g3 a3 43. Rd7 Ra8 44. Bc3 a2 45. Ba1 Bg7 0-1

[Event "Internet Section 07B g/8'+2\""]
[Site "Dos Hermanas"]
[Date "2004.03.08"]
[Round "8"]
[White "Delgado Ramirez, Neuris"]
[Black "Gonzalez, Renier"]
[Result "0-1"]
[WhiteElo "2541"]
[BlackElo "2424"]
[PlyCount "130"]
[EventDate "2004.03.07"]
[EventType "swiss (blitz)"]
[EventRounds "9"]
[EventCountry "ESP"]
[SourceTitle "CBM 099 Extra"]
[Source "ChessBase"]
[SourceDate "2004.05.04"]
[SourceVersion "1"]
[SourceVersionDate "2004.05.04"]
[SourceQuality "1"]

1. e4 d5 2. exd5 Qxd5 3. Nc3 Qd6 4. g3 Nf6 5. Bg2 c6 6. Nge2 Bg4 7. h3 Bh5 8.
d3 e6 9. g4 Bg6 10. Nf4 e5 11. Qe2 Be7 12. Nxg6 hxg6 13. Bd2 Nbd7 14. O-O-O
O-O-O 15. Be3 Qc7 16. d4 exd4 17. Bxd4 Bc5 18. Kb1 Rhe8 19. Qf3 Bxd4 20. Rxd4
Ne5 21. Rxd8+ Rxd8 22. Qe3 Kb8 23. b3 Ned7 24. f4 Re8 25. Qd4 Qb6 26. Qc4 Qc5
27. Qxc5 Nxc5 28. Rf1 Kc7 29. b4 Ne6 30. f5 gxf5 31. Rxf5 Re7 32. Kb2 a6 33. a3
Nd7 34. h4 f6 35. Ne4 Nd4 36. Rf2 Ne5 37. g5 f5 38. Ng3 g6 39. h5 gxh5 40. Rf4
Ne6 41. Rxf5 Nc4+ 42. Ka2 Ne3 43. Rf2 h4 44. Ne4 Nxg2 45. Rxg2 Nf4 46. Rg4 Rxe4
47. g6 Ne2 48. Rg2 Ng3 49. Rf2 Rg4 50. Rf7+ Kb6 51. Rh7 Nf5 52. Rh5 Ng7 53. Rh7
Rxg6 54. Rxh4 Ne6 55. c3 Nc7 56. Kb3 Rg3 57. Rc4 Nd5 58. Rc5 a5 59. Rc4 axb4
60. axb4 Kc7 61. b5 Rxc3+ 62. Rxc3 Nxc3 63. bxc6 Kxc6 64. Kxc3 Kc5 65. Kb3 Kb5
0-1

[Event "Internet Section 10B g/8'+2\""]
[Site "Dos Hermanas"]
[Date "2004.03.11"]
[Round "4"]
[White "Djukic, Zeljko"]
[Black "Delgado Ramirez, Neuris"]
[Result "1-0"]
[WhiteElo "2428"]
[BlackElo "2541"]
[PlyCount "71"]
[EventDate "2004.03.10"]
[EventType "swiss (blitz)"]
[EventRounds "9"]
[EventCountry "ESP"]
[SourceTitle "EXT 2005"]
[Source "ChessBase"]
[SourceDate "2004.11.15"]
[SourceVersion "1"]
[SourceVersionDate "2004.11.15"]
[SourceQuality "1"]

1. d4 Nf6 2. Nf3 e6 3. Bg5 c5 4. e3 cxd4 5. exd4 h6 6. Bh4 d5 7. Nbd2 Nc6 8. c3
Be7 9. Bd3 Nh5 10. Bxe7 Qxe7 11. O-O Nf4 12. Bc2 Bd7 13. Re1 O-O-O 14. b4 Qf6
15. a4 g5 16. b5 Ne7 17. c4 dxc4 18. Nxc4 Ned5 19. Nfe5 Kb8 20. Nd6 Be8 21. Ne4
Qe7 22. Qd2 f6 23. Nd3 Bg6 24. Nxf4 gxf4 25. Nc5 e5 26. Bxg6 Rhg8 27. Be4 Rg5
28. Rac1 f5 29. Bxd5 Rxd5 30. Qc2 Rg8 31. Rxe5 Rxe5 32. dxe5 f3 33. g3 f4 34.
Qf5 fxg3 35. hxg3 Rd8 36. e6 1-0

[Event "Internet Section 10B g/8'+2\""]
[Site "Dos Hermanas"]
[Date "2004.03.11"]
[Round "5"]
[White "Delgado Ramirez, Neuris"]
[Black "Zimin, Vladimir"]
[Result "1-0"]
[WhiteElo "2541"]
[BlackElo "2398"]
[PlyCount "185"]
[EventDate "2004.03.10"]
[EventType "swiss (blitz)"]
[EventRounds "9"]
[EventCountry "ESP"]
[SourceTitle "EXT 2005"]
[Source "ChessBase"]
[SourceDate "2004.11.15"]
[SourceVersion "1"]
[SourceVersionDate "2004.11.15"]
[SourceQuality "1"]

1. e4 c6 2. d4 d5 3. e5 g6 4. h4 h5 5. Nh3 Bf5 6. Bd3 Bxd3 7. Qxd3 e6 8. Nc3
Nh6 9. Bg5 Be7 10. Bxh6 Rxh6 11. g3 Nd7 12. O-O-O Qc7 13. Kb1 O-O-O 14. Qe3
Rhh8 15. Ne2 c5 16. Qf4 Rdf8 17. c3 Kb8 18. Qe3 c4 19. Kc2 Rc8 20. Ng5 Bxg5 21.
hxg5 Qa5 22. Kb1 Ka8 23. Qf4 Rcf8 24. g4 h4 25. Rh3 Qa4 26. Rdh1 b5 27. Qd2 a5
28. Qc2 Nb6 29. Rxh4 Rxh4 30. Rxh4 b4 31. Qxa4 Nxa4 32. Kc2 Kb7 33. Rh3 Kc6 34.
b3 Nb6 35. Kb2 Ra8 36. Rh7 Ra7 37. Rh8 Rb7 38. Rd8 Nd7 39. Ra8 Kb5 40. f4 Nb6
41. Rd8 a4 42. cxb4 cxb3 43. axb3 Kxb4 44. bxa4 Nc4+ 45. Kc1 Kxa4 46. f5 Rc7
47. Ra8+ Kb4 48. Rb8+ Ka5 49. Kd1 gxf5 50. gxf5 Ne3+ 51. Kd2 Nxf5 52. Kd3 Ka6
53. Re8 Re7 54. Rc8 Kb7 55. Rc1 Rc7 56. Rh1 Kc8 57. Rh7 Kd8 58. Nf4 Rc4 59. Ne2
Rc7 60. g6 fxg6 61. Rh8+ Ke7 62. Nf4 Kf7 63. Rh7+ Ng7 64. Rh6 g5 65. Rf6+ Ke7
66. Ng6+ Kd8 67. Rf8+ Ne8 68. Rh8 Rg7 69. Nf8 Ke7 70. Ke3 g4 71. Kf2 g3+ 72.
Kg2 Nc7 73. Nh7 Nb5 74. Rb8 Nc7 75. Rb7 Kd8 76. Nf6 Kc8 77. Rb6 Rg6 78. Rc6 Kb7
79. Rd6 Rg7 80. Nd7 Nb5 81. Nc5+ Kc8 82. Ra6 Kb8 83. Rb6+ Kc8 84. Rxb5 Rg4 85.
Nxe6 Kd7 86. Rb6 Kc8 87. Rd6 Rg6 88. Nc5 Rg4 89. Rxd5 Rg7 90. e6 Kc7 91. Rd7+
Rxd7 92. Nxd7 Kd6 93. Nc5 1-0

[Event "Internet Section 10B g/8'+2\""]
[Site "Dos Hermanas"]
[Date "2004.03.11"]
[Round "7"]
[White "Delgado Ramirez, Neuris"]
[Black "Bachmann, Axel"]
[Result "1-0"]
[WhiteElo "2541"]
[BlackElo "2205"]
[PlyCount "109"]
[EventDate "2004.03.10"]
[EventType "swiss (blitz)"]
[EventRounds "9"]
[EventCountry "ESP"]
[SourceTitle "EXT 2005"]
[Source "ChessBase"]
[SourceDate "2004.11.15"]
[SourceVersion "1"]
[SourceVersionDate "2004.11.15"]
[SourceQuality "1"]

1. e4 g6 2. d4 Bg7 3. Nc3 d6 4. Be3 Nf6 5. h3 c6 6. a4 O-O 7. g4 e5 8. Bg2 Qc7
9. Nge2 h5 10. g5 Nh7 11. Qd2 a6 12. O-O Nd7 13. f4 exf4 14. Bxf4 Rd8 15. Rf2
Ndf8 16. Raf1 Be6 17. Be3 d5 18. exd5 cxd5 19. Nf4 Nxg5 20. Nfxd5 Nxh3+ 21.
Bxh3 Qg3+ 22. Bg2 Bxd5 23. Nxd5 Rxd5 24. Rxf7 Rad8 25. R1f3 Qg4 26. Qf2 Ne6 27.
Rg3 Qd1+ 28. Kh2 Rxd4 29. Rxg6 Rg4 30. Rxe6 Rxg2+ 31. Qxg2 Kxf7 32. Re4 Qd6+
33. Bf4 Qf6 34. Be5 Qxe5+ 35. Rxe5 Bxe5+ 36. Kh3 Rd7 37. Qf3+ Ke6 38. Qxh5 Rg7
39. Qh6+ Kf5 40. Qh5+ Ke4 41. Qe2+ Kf5 42. Qd3+ Kf4 43. b4 Kg5 44. Kg2 Rc7 45.
c4 Kf6 46. Kf3 Rg7 47. Qd8+ Kf5 48. Qf8+ Ke6 49. Qc8+ Kf6 50. c5 Rc7 51. Qd8+
Ke6 52. Ke4 Re7 53. Qc8+ Kf6 54. Qf5+ Kg7 55. Qxe5+ 1-0

[Event "Internet Section 10B g/8'+2\""]
[Site "Dos Hermanas"]
[Date "2004.03.11"]
[Round "8"]
[White "Seeman, Tarvo"]
[Black "Delgado Ramirez, Neuris"]
[Result "1-0"]
[WhiteElo "2429"]
[BlackElo "2541"]
[PlyCount "67"]
[EventDate "2004.03.10"]
[EventType "swiss (blitz)"]
[EventRounds "9"]
[EventCountry "ESP"]
[SourceTitle "EXT 2005"]
[Source "ChessBase"]
[SourceDate "2004.11.15"]
[SourceVersion "1"]
[SourceVersionDate "2004.11.15"]
[SourceQuality "1"]

1. g3 d5 2. Nf3 c6 3. Bg2 Bg4 4. O-O Nd7 5. d3 Ngf6 6. c4 e6 7. Be3 Be7 8. Qb3
Qc8 9. Nc3 dxc4 10. Qxc4 Bxf3 11. exf3 O-O 12. Rfd1 Rd8 13. f4 Nb6 14. Qb3 Nbd5
15. Nxd5 Nxd5 16. Bd2 Bf6 17. Rac1 g6 18. Qc2 Qd7 19. b4 Ne7 20. Be4 Nf5 21.
Bxf5 exf5 22. Bc3 Bxc3 23. Qxc3 Qd5 24. a4 Re8 25. Re1 h5 26. h4 Qf3 27. b5
cxb5 28. axb5 Rad8 29. Rxe8+ Rxe8 30. Qd4 b6 31. Qd7 Re2 32. Rc8+ Kg7 33. Qd4+
f6 34. Qd7+ 1-0

[Event "Internet Section 11B g/8'+2\""]
[Site "Dos Hermanas"]
[Date "2004.03.11"]
[Round "1"]
[White "Murthy, Pappu LN"]
[Black "Delgado Ramirez, Neuris"]
[Result "0-1"]
[WhiteElo "2128"]
[BlackElo "2541"]
[PlyCount "138"]
[EventDate "2004.03.11"]
[EventType "swiss (blitz)"]
[EventRounds "9"]
[EventCountry "ESP"]
[SourceTitle "EXT 2005"]
[Source "ChessBase"]
[SourceDate "2004.11.15"]
[SourceVersion "1"]
[SourceVersionDate "2004.11.15"]
[SourceQuality "1"]

1. e4 c5 2. Nf3 d6 3. d4 cxd4 4. Nxd4 Nf6 5. Nc3 a6 6. Bg5 e6 7. f4 Be7 8. Qf3
Qa5 9. O-O-O Bd7 10. g4 Nc6 11. Nb3 Qc7 12. Bd3 h6 13. Bh4 g5 14. Bg3 gxf4 15.
Bxf4 Ne5 16. Bxe5 dxe5 17. h4 h5 18. g5 Ng4 19. Rhf1 Rf8 20. Kb1 Nh2 21. Qxh5
Nxf1 22. Rxf1 O-O-O 23. Rxf7 Be8 24. g6 Bxf7 25. gxf7 Bb4 26. Ne2 Rxf7 27. a3
Bd6 28. Qg6 Qe7 29. Bc4 Rf6 30. Qg1 Kb8 31. Qb6 Qc7 32. Qxc7+ Kxc7 33. Bd3 Rh8
34. c4 Rxh4 35. c5 Be7 36. Nc3 Rf3 37. Bc4 Rh5 38. Bxe6 Rxc3 39. bxc3 Rh2 40.
Bd5 Bh4 41. Na5 Be1 42. Nxb7 Bxc3 43. Nd6 Bd4 44. Ne8+ Kd8 45. Nf6 Bxc5 46. Ng4
Rh1+ 47. Ka2 Bd4 48. Kb3 Kc7 49. Ka4 Ra1 50. Kb4 Kb6 51. a4 Bc5+ 52. Kb3 Bd6
53. Nf6 Ra3+ 54. Kb2 Rxa4 55. Nd7+ Kb5 56. Nf6 Rd4 57. Kb3 a5 58. Ne8 a4+ 59.
Ka2 Rd2+ 60. Ka1 Bb4 61. Nc7+ Kb6 62. Na8+ Kc5 63. Nc7 Kd4 64. Nb5+ Kd3 65. Kb1
a3 66. Ka1 Bc3+ 67. Nxc3 Kxc3 68. Be6 Kd4 69. Bd5 Re2 0-1

[Event "Internet Section 11B g/8'+2\""]
[Site "Dos Hermanas"]
[Date "2004.03.11"]
[Round "2"]
[White "Delgado Ramirez, Neuris"]
[Black "Chemin, Justo Reinaldo"]
[Result "1-0"]
[WhiteElo "2541"]
[BlackElo "2296"]
[PlyCount "71"]
[EventDate "2004.03.11"]
[EventType "swiss (blitz)"]
[EventRounds "9"]
[EventCountry "ESP"]
[SourceTitle "EXT 2005"]
[Source "ChessBase"]
[SourceDate "2004.11.15"]
[SourceVersion "1"]
[SourceVersionDate "2004.11.15"]
[SourceQuality "1"]

1. e4 e6 2. d4 d5 3. Nd2 dxe4 4. Nxe4 Qd5 5. Bd3 b6 6. Nf3 Bb7 7. O-O Nd7 8. c4
Qh5 9. Bf4 Ngf6 10. Nxf6+ gxf6 11. Be2 Bd6 12. Bg3 Qg6 13. d5 O-O-O 14. Qa4
Bxg3 15. hxg3 Kb8 16. Nd4 Qe4 17. Rad1 Nc5 18. Qa3 exd5 19. Bf3 Qe5 20. cxd5 a5
21. Rfe1 Qg5 22. b3 h5 23. Nc6+ Bxc6 24. dxc6 h4 25. gxh4 Qxh4 26. Rxd8+ Rxd8
27. g3 Qg5 28. b4 axb4 29. Qxb4 Nd3 30. Qe7 Rh8 31. Rb1 Qe5 32. Rxb6+ Ka7 33.
Rb7+ Ka6 34. Qa3+ Qa5 35. Ra7+ Kxa7 36. Qxa5+ 1-0

[Event "Internet Section 11B g/8'+2\""]
[Site "Dos Hermanas"]
[Date "2004.03.11"]
[Round "3"]
[White "Djukic, Nikola"]
[Black "Delgado Ramirez, Neuris"]
[Result "0-1"]
[WhiteElo "2396"]
[BlackElo "2541"]
[PlyCount "86"]
[EventDate "2004.03.11"]
[EventType "swiss (blitz)"]
[EventRounds "9"]
[EventCountry "ESP"]
[SourceTitle "EXT 2005"]
[Source "ChessBase"]
[SourceDate "2004.11.15"]
[SourceVersion "1"]
[SourceVersionDate "2004.11.15"]
[SourceQuality "1"]

1. e4 c5 2. Nf3 d6 3. d4 cxd4 4. Nxd4 Nf6 5. Nc3 a6 6. Be3 e5 7. Nb3 Be7 8. f3
O-O 9. Qd2 Be6 10. O-O-O Qc7 11. g4 Rc8 12. Qf2 Nbd7 13. Kb1 b5 14. Nd5 Bxd5
15. exd5 Rcb8 16. g5 Nh5 17. f4 a5 18. fxe5 dxe5 19. d6 Bxd6 20. Qd2 Ra6 21. a4
Nf8 22. axb5 Bb4 23. c3 Rd6 24. Qc2 a4 25. Nc1 Bc5 26. Bxc5 Qxc5 27. Qxa4 Rxd1
28. Qxd1 Nf4 29. Nb3 Qf2 30. Bc4 g6 31. h4 N8e6 32. Qd6 Rd8 33. Qxe5 Qf3 34.
Rc1 Nd3 35. Qf6 Qe2 36. Rc2 Qe1+ 37. Nc1 Nxc1 38. Bxe6 Nd3+ 39. Ka2 Ra8+ 40.
Kb3 Nc5+ 41. Kb4 Nxe6 42. Qf3 Qa1 43. Rf2 Qa4# 0-1

[Event "Internet Section 11B g/8'+2\""]
[Site "Dos Hermanas"]
[Date "2004.03.11"]
[Round "5"]
[White "Delgado Ramirez, Neuris"]
[Black "Maslak, Konstantin"]
[Result "0-1"]
[WhiteElo "2541"]
[BlackElo "2434"]
[PlyCount "90"]
[EventDate "2004.03.11"]
[EventType "swiss (blitz)"]
[EventRounds "9"]
[EventCountry "ESP"]
[SourceTitle "EXT 2005"]
[Source "ChessBase"]
[SourceDate "2004.11.15"]
[SourceVersion "1"]
[SourceVersionDate "2004.11.15"]
[SourceQuality "1"]

1. e4 d5 2. exd5 Nf6 3. Bb5+ Bd7 4. Be2 Nxd5 5. d4 Bf5 6. Nf3 e6 7. O-O Be7 8.
c4 Nb4 9. Na3 O-O 10. Be3 a5 11. h3 Nd7 12. Qd2 c6 13. Rfd1 Nf6 14. Qe1 Qc7 15.
Ne5 Nd7 16. Nxd7 Qxd7 17. Qd2 Rfd8 18. Bf3 Bf6 19. Qe2 Qc7 20. Rd2 Rd7 21. b3
a4 22. Qd1 Qa5 23. c5 axb3 24. axb3 Rdd8 25. Qf1 Qc7 26. Nc4 Rxa1 27. Qxa1 Nc2
28. Qc3 Nxe3 29. Qxe3 h6 30. b4 Bg5 31. Qe2 Bxd2 32. Qxd2 e5 33. Nd6 Rxd6 34.
cxd6 Qxd6 35. g4 Bg6 36. b5 exd4 37. bxc6 bxc6 38. h4 c5 39. h5 Bb1 40. Qb2 Qf4
41. Be2 Be4 42. Qa3 d3 43. Bd1 Qd2 44. Qa4 Qe1+ 45. Kh2 Qxf2+ 0-1